00313 2200133 4500001002100000005001500021035002000036245005500056300000800111260002800119082000800147084001200155990001200167INLIS00000000000214020250527113143 a0010-0525000432 aCara Pintat Bikin Film Dokumenter /cFajar Nugroho a190 bIndonesia Cerdas,c2007 a700 a700 CAR a0713238